00500 2200181 4500001002100000005001500021035002000036245005000056100001200106250001200118300006700130260003300197082001200230084001800242020001800260600002400278504001600302INLIS00000000000020120230316072658 a0010-03230001861 aPelestarian Sumberdaya Tanah & Air /cSuripin0 aSuripin aCet.10, a, 208 hal, ISBN :bBibliografi, Indeks, ;c23 cmeBibliografi aYogyakarta : :bAndi,,c2002 a628,162 a628,162 SUR p a979-533-798-X 4aTanah - Pelestarian aBibliografi